| 000 | 00483nam a2200193Ia 4500 | ||
|---|---|---|---|
| 005 | 20240613100652.0 | ||
| 008 | 131103s9999 xx 000 0 und d | ||
| 040 | _aLoreto College | ||
| 041 | _aEnglish | ||
| 082 |
_a574 _bSPA |
||
| 100 | _aSparrow, Kenneth C. | ||
| 245 | 2 |
_aA junior biology _cKenneth C. Sparrow |
|
| 260 |
_aLondon _bWilliam Heinemann _c1940 |
||
| 300 |
_avii,187p. _b ill. |
||
| 504 | _aIncludes index | ||
| 650 | _aBiology | ||
| 850 | _aLCBED | ||
| 942 | _cBK | ||
| 999 |
_c28567 _d79046 |
||